Sustainable Concrete Architecture (Record no. 15924)

MARC details
000 -LEADER
fixed length control field 00358nam a2200145Ia 4500
008 - FIXED-LENGTH DATA ELEMENTS--GENERAL INFORMATION
fixed length control field 220803s9999 xx 000 0 und d
020 ## - INTERNATIONAL STANDARD BOOK NUMBER
International Standard Book Number 9781859463529
041 ## - LANGUAGE CODE
Language code of text/sound track or separate title eng
082 ## - DEWEY DECIMAL CLASSIFICATION NUMBER
Classification number 721.044 BEN
100 ## - MAIN ENTRY--PERSONAL NAME
Personal name Bennett D
9 (RLIN) 25054
245 ## - TITLE STATEMENT
Title Sustainable Concrete Architecture
260 ## - PUBLICATION, DISTRIBUTION, ETC. (IMPRINT)
Place of publication, distribution, etc. London
Name of publisher, distributor, etc. RIBA Publishing
Date of publication, distribution, etc. 2010
300 ## - PHYSICAL DESCRIPTION
Extent 266p
500 ## - GENERAL NOTE
Keywords LANDS
Holdings
Withdrawn status Lost status Damaged status Not for loan Collection code Home library Current library Date acquired Vendor Cost, normal purchase price Full call number Barcode Date last seen Cost, replacement price Bill Date Koha item type Original Barcode
      Reference Book of M Arch EA Dr. Bhanuben Nanavati College of Architecture Dr. Bhanuben Nanavati College of Architecture 11/09/2015 Technical Book Source 3081.12 720.94 BEN BNCA-BK-9519 03/08/2022 3081.12 11/08/2015 Reference book B09519